| 000 | 00435cam a2200145ua 4500 | ||
|---|---|---|---|
| 005 | 20231106144513.0 | ||
| 008 | 120117n II |||gr||||Z||||||asm | ||
| 040 |
_aMAIN _c |
||
| 082 | _a920 SHA | ||
| 100 | _aSHARMA, SHASI. | ||
| 245 | _aCHANDRAKUMAR AGARWALAR PRATIBHA চন্দ্ৰকুমাৰ আগৰৱালাৰ প্ৰতিভা | ||
| 300 | _c20CM. | ||
| 653 | _aBiography, genealogy & insignia | ||
| 942 |
_cBK _2ddc |
||
| 999 |
_c1185 _d1185 |
||